Les Pokémons les plus populaires - Statistiques

Statistiques générales
  • Ce quiz a été pris 266 fois
  • Le résultat moyen est 8 sur 30
Statistiques - réponses
Hint Réponse % Correct
#19 Pikachu
99%
#4 Dracaufeu
92%
#20 Évoli
66%
#8 Rayquaza
52%
#2 Lucario
48%
#1 Amphinobi
46%
#13 Bulbizarre
44%
#10 Ectoplasma
43%
#15 Lugia
35%
#5 Noctali
31%
#9 Gardevoir
28%
#29 Braségali
27%
#7 Carchacrok
26%
#28 Jungko
22%
#6 Nymphali
20%
#3 Mimiqui
18%
#12 Tyranocif
18%
#23 Zoroark
17%
#22 Archéduc
11%
#24 Lougaroc
11%
#21 Luxray
11%
#16 Brindibou
9%
#17 Exagide
8%
#26 Libégon
8%
#27 Trioxhydre
8%
#18 Lugulabre
6%
#11 Lanssorien
5%
#14 Salarsen
5%
#25 Corvaillus
4%
#30 Frissonille
4%
Aucun quiz correspondant
Distribution des résultats
% des personnes avec chaque résultat
Percentile par nombre de réponses
Votre historique - résultats
Vous n’avez pas pris ce quiz